3 football clubs: guess the country - Statistics

General Stats
  • This quiz has been taken 18 times
  • The average score is 7 of 16
Answer Stats
Football team Country % Correct
Srpski mač, Jugoslavija Beograd, Železničar Niš Serbia
94%
Wormatia 08 Worms, TSV 1865 Dachau, SpVgg Bayreuth Germany
82%
Eritrea Shoe Factory, Muger Cement, Shashemene City Ethiopia
65%
British South African Police, Zambezi River Authority, Motor Action Zimbabwe
53%
Ylli i Kuq Durrës, 17 Nëntori, Shqiponja Albania
47%
Township Rollers Gaborone, Naughty Boys, Miscellaneous Botswana
47%
Be Quick, RAP, Heracles Netherlands
47%
Spartanii Sportul, Bălți, Milsami Orhei Moldova
41%
Total Clean FC, 15 de Setiembre, Sporting Pizarro Peru
35%
Golden Bush, Arusha, Mbeye City Tanzania
35%
Destroyers, Nacional Potosí, Jorge Wilstermann Bolivia
29%
Santa Tecla, Once Lobos, Inca Súper Flat El Salvador
29%
Aktobe, Shakhter, Megasport Kazakhstan
29%
Total Big Bullets, Blantyre United, Mwanza Madrid Malawi
29%
Gorilla, Muhanga, Etincelles Rwanda
29%
International Shipping & Corporate Registry, Ganta Black Stars, National Port Authority Anchors Liberia
18%
No matching quizzes found
Score Distribution
Percent of People with Each Score
Percentile by Number Answered
Your Score History
You have not taken this quiz